Biblioteca

Canaima (Registro nro. 71175)

Detalles MARC
000 -LÍDER
Campo fijo de descripción fija 01350nam a2200361 i 4500
001 - NÚMERO DE CONTROL
Campo de control 768714001
003 - IDENTIFICADOR DEL NÚMERO DE CONTROL
Campo de control CO-MdFUSB
005 - FECHA Y HORA DE LA ULTIMA TRANSACCIÓN
control field 20260324154402.0
007 - CAMPO FIJO DE DESCRIPCIÓN FIJA--INFORMACIÓN GENERAL
Campo fijo de descripción fija ta
008 - ELEMENTOS DE LONGITUD FIJA -- INFORMACIÓN GENERAL
Campo fijo de descripción fija -- Información general 241106t1988 -usb|||| |||| 001 0 eng d
020 ## - NÚMERO INTERNACIONAL NORMALIZADO PARA LIBROS
Número Internacional Normalizado del libro 0-8061-2119-X
040 ## - FUENTE DE CATALOGACIÓN
Idioma de catalogación spa.
Agencia de catalogación original CO-MdFUSB
Agencia que realiza la transcripción CO-MdFUSB
Agencia que realiza la modificación CO-MdFUSBC
Convenciones de la descripción rda
041 ## - CÓDIGO DE IDIOMA
Código de idioma para texto/pista de sonido o título separado eng
082 ## - NÚMERO DE CLASIFICACIÓN DECIMAL DEWEY
Número de la edición del Dewey 23
Número de clasificación 863
Clave de autor-Numero de item G166
100 ## - ASIENTO PRINCIPAL--NOMBRE PERSONAL
Nombre personal Gallegos, Rómulo,
Término relacionador autor
245 ## - TÍTULO
Título del Material Canaima
Mención de responsabilidad, etc. / Rómulo Gallegos ; traducido por Jaime Tello
264 #1 - PRODUCCIÓN, PUBLICACIÓN, DISTRIBUCIÓN, MANUFACTURA, Y COPYRIGHT
Lugar de producción, publicación, distribución, manufactura Norman, Oklahoma :
Nombre del productor, publicador, distribuidor University of Oklahoma Press,
Fecha de producción, publicación, distribución, manufactura, o copyright [1988]
264 #4 - PRODUCCIÓN, PUBLICACIÓN, DISTRIBUCIÓN, MANUFACTURA, Y COPYRIGHT
Lugar de producción, publicación, distribución, manufactura ©1988
300 ## - DESCRIPCIÓN FÍSICA
Extensión 299 páginas
Otros detalles físicos : mapas
Dimensiones ; 20 cm
336 ## - TIPO DE CONTENIDO
Fuente rdacontent
Término de tipo de contenido texto
Código de tipo de contenido txt
337 ## - TIPO DE MEDIO
Fuente rdamedia
Nombre del tipo de medio sin mediación
Código del tipo de medio n
338 ## - TIPO DE SOPORTE
Fuente rdacarrier
Nombre del tipo de soporte volumen
Código Tipo de soporte nc
500 ## - NOTA GENERAL
Nota General Incluye índice, mapa
520 ## - NOTA DE RESUMEN, ETC.
Nota de sumario, etc. Canaima es una novela de aventura y drama escrita por Rómulo Gallegos en 1935. La historia se desarrolla en la región de Canaima, al sur de Venezuela, específicamente en las minas de oro de El Callao, en una zona selvática de la región de Bolívar.
563 ## - NOTA DE ENCUADERNACIÓN
Nota de encuadernación Rústico
653 ## - TÉRMINO DE INDIZACIÓN - NO CONTROLADO
Término no controlado Ficción
653 ## - TÉRMINO DE INDIZACIÓN - NO CONTROLADO
Término no controlado Novela venezolana
653 ## - TÉRMINO DE INDIZACIÓN - NO CONTROLADO
Término no controlado Literatura hispanoamericana. -- Novela latinoamericana. -- Literatura venezolana.
700 ## - ASIENTO SECUNDARIO - NOMBRE PERSONAL
Nombre personal Tello, Jaime,
9 (RLIN) 11057
Responsabilidad traductor
942 ## - TIPO DE MATERIAL (KOHA)
Tipo de Item KOHA Libros General
945 ## - INFORMACIÓN LOCAL DEL REGISTRO
Catalogador Catherine Arias Alvarez
Existencias
Estado de Material Estado de Perdido Forma de Clasificación Volumen-Parte/Tomo Estado de Dañado No para Préstamo Colección Tomo Biblioteca de Origen Biblioteca Permanente Fecha de Adquisición Total de Préstamos Signatura Topográfica Código de Barras Última vez visto Ejemplar/Existencia Fecha de Remplazo Tipo de Material
    Dewey Decimal Classification       Colección General   Biblioteca FUSBC Biblioteca FUSBC 31/10/2024   G 863 G166c 25239 06/11/2024 Ej. 1 06/11/2024 Libros General

Biblioteca FUSBC | Teléfono: (57+4) 349 88 10 Ext. 141| WhatsApp (+57) 3005338115 
E-mail: biblioteca@unisbc.edu.co | Calle 76 87-14 Robledo Palenque, Medellín, Colombia

Con tecnología Koha